| 000 | 01110nam a22003370a 4500 | ||
|---|---|---|---|
| 001 | PT13080 | ||
| 003 | AR-LpoUNG | ||
| 005 | 20210131232533.0 | ||
| 008 | 191001s1991||||ag |||||||||||||||||spa d | ||
| 020 |
_a9509067466 _c$6.12 |
||
| 040 |
_aAR-LpoUNG _bspa _cAR-LpoUNG _eaacr |
||
| 041 | _aspa | ||
| 044 | _aag | ||
| 082 | 0 | _a982.064 975 | |
| 100 | 1 | _aCuria, Eduardo Luis | |
| 245 | 1 | 0 | _aDos años de la economía de Menem |
| 250 | _a1º edición | ||
| 260 |
_aBuenos Aires : _bEl Cronista, _c1991. |
||
| 300 |
_a189 p. : _btbls. |
||
| 520 | _aEste texto analiza en forma sistemática el desenvolvimiento de la política económica, aplicada en la Argentina, durante el primer tramo del Gobierno Menem, tanto en la faz coyuntural y macroeconómica, como en lo referido a las políticas estructurales. | ||
| 650 | 4 | _aANALISIS HISTORICO | |
| 650 | 4 | _aCIRCULACION MONETARIA | |
| 650 | 4 | _aCONTABILIDAD NACIONAL | |
| 650 | 4 | _aINFLACION | |
| 650 | 4 | _aMACROECONOMIA | |
| 650 | 4 | _aMODELOS ECONOMICOS | |
| 650 | 4 | _aPOLITICA ECONOMICA | |
| 651 | 4 | _aArgentina | |
| 905 | _a13080 | ||
| 942 | _cLIB | ||
| 999 |
_c16161 _d16161 |
||